Novak Djokovic - Route to the 2021 Wimbledon Trophy - Statistics

General Stats
  • This quiz has been taken 18 times
  • The average score is 5 of 7
Answer Stats
Round Result Country Opponent % Correct
R64 3:0 (6:3,6:3,6:3) South Africa Kevin Anderson
94%
F 3:1 (6:7,6:4,6:3,6:3) Italy Matteo Berrettini
89%
SF 3:0 (7:6,7:5,7:5) Canada Denis Shapovalov
83%
R16 3:0 (6:2,6:4,6:2) Chile Cristian Garin
78%
QF 3:0 (6:3,6:4,6:4) Hungary Marton Fucsovics
78%
R128 3:1 (4:6,6:1,6:2,6:2) United Kingdom Jack Draper
72%
R32 3:0 (6:4,6:3,7:6) USA Denis Kudla
28%
No matching quizzes found
Score Distribution
Percent of People with Each Score
Percentile by Number Answered
Your Score History
You have not taken this quiz